Statistics for Best fantasy series.

Click here to take the quiz!

General Stats

  • This quiz has been taken 370 times
  • The average score is 9 of 40

Answer Stats

RankSeries% Correct
1The Lord of the Rings
90%
3Harry Potter
80%
2A Song of Ice and Fire
70%
1J R R Tolkien
62%
3J K Rowling
59%
2George R R Martin
49%
5The Chronicles of Narnia
48%
8The Twilight Saga
44%
4The Wheel of Time
36%
5C S Lewis
34%
6Discworld
27%
11The Inheritance Cycle
27%
7Percy Jackson and the Olympians
26%
8Stephenie Meyer
25%
4Robert Jordan
22%
6Terry Pratchett
21%
9His Dark Materials
18%
13Stephen King
16%
13The Dark Tower
16%
19The Kingkiller Chronicle
16%
7Rick Riordan
14%
12The Mortal Instruments
14%
11Christopher Paolini
13%
12Cassandra Clare
11%
9Philip Pullman
11%
19Patrick Rothfuss
9%
15Sword of Truth
9%
15Terry Goodkind
9%
18Artemis Fowl Series
8%
14Dresden Files
8%
17Anne Rice
6%
18Eoin Colfer
6%
10Sookie Stackhouse
6%
14Jim Butcher
5%
17The Vampire Chronicles
5%
10Charlaine Harris
4%
20The Outlander Series
4%
16Anita Blake Series
3%
20Diana Gabaldon
3%
16Laurell K Hamilton
3%

Score Distribution

Percentile by Number Answered

Percent of People with Each Score

Your Score History

You have not taken this quiz